000 00576nam a2200169 a 4500
005 20140412111240.0
008 010430s19uu xx 00 eng d
020 _a0-938256-26-2
050 _aTR(GS 513.2
_bG73 1990
100 _aGregorich, Barbara
245 _aNumbers 1-12, K-1 :
_bgrades K-1 (math) /
_cwritten by Barbara Gregorich; edited by Joan Hoffman; illustrated by Terri Huizinga.
260 _aGrand Haven, MI :
_bSchool Zone Publishing Comp,
_c1990.
300 _a32p. ; ill.
440 _aan "I Know It!" book
650 _aMathematics, K-1
999 _c102699
_d102699